ABPI Data Sheet Compendium. (Record no. 4163)

MARC details
000 -LEADER
fixed length control field 00471nam a22001817a 4500
003 - CONTROL NUMBER IDENTIFIER
control field OSt
005 - DATE AND TIME OF LATEST TRANSACTION
control field 20160526123307.0
008 - FIXED-LENGTH DATA ELEMENTS--GENERAL INFORMATION
fixed length control field 160526b xxu||||| |||| 00| 0 eng d
020 ## - INTERNATIONAL STANDARD BOOK NUMBER
International Standard Book Number 0907102107D
040 ## - CATALOGING SOURCE
Transcribing agency DLMN.
082 ## - DEWEY DECIMAL CLASSIFICATION NUMBER
Classification number Ref.QV4D26
245 ## - TITLE STATEMENT
Title ABPI Data Sheet Compendium.
260 ## - PUBLICATION, DISTRIBUTION, ETC. (IMPRINT)
Place of publication, distribution, etc. London.
Name of publisher, distributor, etc. Datapharm Publications Limited.
Date of publication, distribution, etc. 1994-95
300 ## - PHYSICAL DESCRIPTION
Extent xxvii,1924p;
Other physical details ill;
Dimensions 25cm.
504 ## - BIBLIOGRAPHY, ETC. NOTE
Bibliography, etc includes notes.
650 ## - SUBJECT ADDED ENTRY--TOPICAL TERM
Topical term or geographic name as entry element Pharmacy.
9 (RLIN) 8975
942 ## - ADDED ENTRY ELEMENTS (KOHA)
Source of classification or shelving scheme Other/Generic Classification Scheme
Koha item type Open Shelf
Holdings
Withdrawn status Lost status Source of classification or shelving scheme Damaged status Not for loan Home library Current library Date acquired Source of acquisition Inventory number Total Checkouts Full call number Barcode Date last seen Price effective from Koha item type
    Other/Generic Classification Scheme     MUST Main Library MUST Main Library 26/05/2016   10116   Ref.QV4D26 2016-2139 26/05/2016 26/05/2016 Open Shelf
    Other/Generic Classification Scheme     MUST Main Library MUST Main Library 26/05/2016   10120   Ref.QV4D26 2016-2140 26/05/2016 26/05/2016 Open Shelf
    Other/Generic Classification Scheme     MUST Main Library MUST Main Library 26/05/2016   10117   Ref.QV4D26 2016-2141 26/05/2016 26/05/2016 Open Shelf
    Other/Generic Classification Scheme     MUST Main Library MUST Main Library 26/05/2016   10118   Ref.QV4D26 2016-2142 26/05/2016 26/05/2016 Open Shelf
    Other/Generic Classification Scheme     MUST Main Library MUST Main Library 26/05/2016   10119   Ref.QV4D26 2016-2143 26/05/2016 26/05/2016 Open Shelf